<?xml version="1.0" encoding="UTF-8"?>
<collection xmlns="http://www.loc.gov/MARC21/slim">
 <record>
  <leader>01357nab a2200193 i 4500</leader>
  <controlfield tag="001">misc42279</controlfield>
  <controlfield tag="005">20191106140559.0</controlfield>
  <controlfield tag="008">180706s2010    hu      o     0||   zxx d</controlfield>
  <datafield tag="022" ind1=" " ind2=" ">
   <subfield code="a">1215-5233</subfield>
  </datafield>
  <datafield tag="040" ind1=" " ind2=" ">
   <subfield code="a">SZTE Miscellanea Repozitórium</subfield>
   <subfield code="b">hun</subfield>
  </datafield>
  <datafield tag="041" ind1=" " ind2=" ">
   <subfield code="a">zxx</subfield>
  </datafield>
  <datafield tag="100" ind1="1" ind2=" ">
   <subfield code="a">Bókay Antal</subfield>
  </datafield>
  <datafield tag="245" ind1="1" ind2="2">
   <subfield code="a">A magyar bolognai folyamat – az oktatás, a képzés és a tanulás új útjai a felsőoktatásban</subfield>
   <subfield code="h">[elektronikus dokumentum] /</subfield>
   <subfield code="c"> Bókay Antal</subfield>
  </datafield>
  <datafield tag="260" ind1=" " ind2=" ">
   <subfield code="c">2010</subfield>
  </datafield>
  <datafield tag="300" ind1=" " ind2=" ">
   <subfield code="a">3-12</subfield>
  </datafield>
  <datafield tag="490" ind1="0" ind2=" ">
   <subfield code="a">Iskolakultúra</subfield>
   <subfield code="v">20 No. 9</subfield>
  </datafield>
  <datafield tag="520" ind1="3" ind2=" ">
   <subfield code="a">A magyar felsőoktatás szervezeti, oktatási, finanszírozási területen is jelentős átalakuláson ment át az elmúlt évtizedben (Derényi, 2009). A változások eredményeképp létrejött új felsőoktatási forma, működési mód kapcsán azonban mind az átalakulás támogatói, mind annak ellenzői is számos ponton elégedetlennek tűnnek. Írásunk, az Országos Kredittanács korábbi elemzésére építve, a magyar bolognai folyamat oktatási-képzési aspektusait, megtörtént és elmaradt újításait tárgyalja. Arra kérdezünk rá, hogy mi történt meg, mi maradt el és mi valósult meg félig vagy éppen hibásan abból, ami az eredeti terv és feladat volt.</subfield>
  </datafield>
  <datafield tag="700" ind1="0" ind2="1">
   <subfield code="a">Derényi András</subfield>
   <subfield code="e">aut</subfield>
  </datafield>
  <datafield tag="856" ind1="4" ind2="0">
   <subfield code="u">http://misc.bibl.u-szeged.hu/42279/1/11_EPA00011_iskolakultura_2010-09.pdf</subfield>
   <subfield code="z">Dokumentum-elérés </subfield>
  </datafield>
 </record>
</collection>
